நிலமெல்லாம் ரத்தம்-2: கணை ஏவு காலம்/

Saved in:
Bibliographic Details
Main Author: ராகவன்,பா
Format: Book
Language:English
Tamil
Published: சென்னை: எழுத்து பிரசுரம், 2024
Subjects:
Tags: Add Tag
No Tags, Be the first to tag this record!

MARC

LEADER 00000nam a22000007a 4500
005 20260407111449.0
008 260407b |||||||| |||| 00| 0 eng d
020 |a 9789348439253 
041 |a tam  |h tam 
082 |a 956.94095  |b ராகவ 
100 |a ராகவன்,பா.  |9 45127 
245 |a நிலமெல்லாம் ரத்தம்-2:  |b கணை ஏவு காலம்/  |c பா.ராகவன். 
260 |a சென்னை:  |b எழுத்து பிரசுரம்,  |c 2024 
300 |a 256p.:  |b ;  |c 19.5.cm 
500 |a Purchased  
650 |a இஸ்ரேல் மற்றும் பாலஸ்தீனம்  |9 116951 
942 |c BK 
999 |c 71012  |d 71012